00520 2200217 4500001002100000005001500021035002000036007000300056008004100059082001800100084002400118100001900142245004100161250001100202260002700213300003300240856000600273020000600279520000600285990001100291INLIS00000000000080520220417085506 a0010-0422000379ta220417 g 0 ind  a899.221.308.2 a899.221.308.2 FAJ s0 aFajar Sulaiman1 aSabar Paling Dalam /cFajar Sulaiman aCet. 1 a[s.l] :b[s.n],c[s.a] a187 hlm. :bilus. ;c14x18cm a- a- a- a200359